000 00612nam a2200205Ia 4500
005 20250923145038.0
008 008 250917s9999 xx 000 0 eng d
037 _aTextual
040 _aDSWL
_beng
_cDSWL
041 _aeng
_2eng
084 _aX:972.99V.73, N61
_qDSWL
100 _aHart, Wilson R.
_9831230
245 0 _aCollective bargaining in the federal give service
_cby Wilson R. Hart
260 _aNew York
_b Harper & Brothers
_c1961
300 _ax,173 p.
365 _aUSD
_b6.5
925 _g6.5
942 _cTEXL
_hX:972.99V.73, N61
999 _c1446420
_d1446420